Harry Potter- De A à Z - Statistiques

Statistiques générales
  • Ce quiz a été pris 75 fois
  • Le résultat moyen est 14 sur 26
Statistiques - réponses
Hint Réponse % Correct
Ecole participant à la coupe de feu Beauxbâtons
83%
Actrice de Hermione Emma Watson
78%
Père de Harry James Potter
78%
Balais de Harry dans les premiers livres Nimbus 2000
75%
Dernière lettre de l'alphabet Z
75%
Sport sur des balais Quidditch
73%
Un des meilleurs ami de Malfoy Goyle
68%
Animal de Ron Rat
68%
Elle accroche ses chaussures dans le ciel Luna Lovegood
63%
Capitaine de l'équipe de Gryffondor Olivier Dubois
61%
Un des sortilège interdit Imperium
59%
Prénom de Voldemort Tom Jedusor
58%
Objet qui indique la futur maison Choixpeau magique
54%
C'est la propriétaire du diadème Helena Serdaigle
54%
Servant de la famille Black Kreatur
54%
On se fait passer pour lui dans le quatrième tome Alastor Maugrey
51%
Capitaine de l'équipe Bulgare de Quidditch Viktor Krum
51%
Dance avec Ron au bal Padma Patil
47%
Père de Luna Xenophilius Lovegood
44%
Sortilège du Prince de Sang Mêlé Sectumsempra
42%
Directeur de Poudlard Albus Dumbeldore
41%
Ami mort de Harry Cedric Diggory
37%
Boisson que Lavande utulise sur Ron Filtre d'amour
37%
Nom de la boutique des jumeau Weasley Weasley, Farces pour sorciers facétieux
22%
Elle s'habille tout en rose Dolores Umbridge
12%
Bal de Noël dans La Coupe de Feu Yule Ball
7%
Aucun quiz correspondant
Distribution des résultats
% des personnes avec chaque résultat
Percentile par nombre de réponses
Votre historique - résultats
Vous n’avez pas pris ce quiz